Fuels and combustion handbook
Salvato in:
| Autori principali: | , |
|---|---|
| Natura: | Libro |
| Lingua: | inglese |
| Pubblicazione: |
Nueva York
McGraw-Hill
1951
|
| Soggetti: | |
| Tags: |
Aggiungi Tag
Nessun Tag, puoi essere il primo ad aggiungerne!!
|
MARC
| LEADER | 00000nam a2200000 a 4500 | ||
|---|---|---|---|
| 001 | UCU7217 | ||
| 003 | CL-VaPUC | ||
| 008 | 960628e19510000US |||||||||||||||||eng|d | ||
| 082 | 0 | 4 | |a 662.6 |b JOH |2 21 |
| 100 | 0 | |a Johnson, Allen J |e author |9 365852 | |
| 700 | 0 | |a Auth, George H |e author |9 365853 | |
| 245 | 1 | 0 | |a Fuels and combustion handbook |
| 300 | |a 915 p | ||
| 942 | |c BK | ||
| 945 | |d 19960628 00:00:00 |a paguirre | ||
| 260 | |a Nueva York |b McGraw-Hill |c 1951 | ||
| 650 | 0 | |a Tecnología química |9 263002 | |
| 650 | 0 | |a Combustibles |9 271720 | |
| 650 | 0 | |a Combustión |9 339668 | |
| 650 | 7 | |a COMBUSTIBLES SOLIDOS |2 CL-VaPUC |9 365765 | |
| 650 | 7 | |a COMBUSTIBLES LIQUIDOS |2 CL-VaPUC |9 361176 | |
| 650 | 7 | |a COMBUSTIBLES GASEOSOS |2 CL-VaPUC |9 365567 | |
| 650 | 7 | |a CARBON |2 CL-VaPUC |9 268755 | |
| 583 | |a last modification |c 19960628 00:00:00 |k Rodrigo Vera | ||
| 999 | |c 249898 |d 249896 | ||
| 952 | |0 0 |1 0 |4 0 |6 662_600000000000000_JOH_1951 |7 0 |8 A |9 267460 |a BIBING |b BIBING |d 2019-11-19 |i 1699660 |o 662.6 JOH 1951 |p 1699660 |r 2025-01-20 |w 2019-11-19 |y BK |k ING | ||